000 00440nam a22001337a 4500
040 _cNUST
082 _a220 PRO
100 _aMuhammad Talha Javaid Zeeshan Afzal Hassaan Bin Kamran
_985562
110 _aProject Supervisor Dr Rashid Naseer
_985563
245 _aPR-SOF-2035-Design Enhancement and Fabrication of Air Starting System
260 _aISLAMABAD:
_bNUST COLLEGE OF EME,
_c2021.
650 _aDE-MECH-39
_985564
942 _2ddc
_cPR
999 _c587015
_d587015